| 000 | 01191cam a2200361 i 4500 | ||
|---|---|---|---|
| 001 | 22740509 | ||
| 003 | OSt | ||
| 005 | 20241015083433.0 | ||
| 008 | 220806s2022 ke a b 000 0aeng | ||
| 010 | _a 2022322696 | ||
| 020 | _a9789966658098 | ||
| 040 |
_aDLC _beng _erda _cDLC |
||
| 042 |
_alcode _apcc |
||
| 043 | _af-ke--- | ||
| 050 | 0 | 0 |
_aPN5499.K4 _bN55 2022 |
| 100 | 1 |
_aNjiru, Lee, _eauthor. |
|
| 245 | 1 | 0 |
_aLee Njiru : _bPresidents' pressman : a memoir / _cLee Njiru. |
| 246 | 3 | 0 | _aPresidents' pressman |
| 264 | 1 |
_aNairobi : _bKenya Literature Bureau, _c2022. |
|
| 300 |
_axviii, 366 pages : _billustrations (some color) ; _c23 cm |
||
| 336 |
_atext _btxt _2rdacontent |
||
| 337 |
_aunmediated _bn _2rdamedia |
||
| 338 |
_avolume _bnc _2rdacarrier |
||
| 504 | _aIncludes bibliographical references (pages 361-365). | ||
| 600 | 1 | 0 | _aNjiru, Lee. |
| 650 | 0 |
_aPresidential press secretaries _zKenya _vBiography. |
|
| 650 | 0 |
_aJournalists _zKenya _vAnecdotes. |
|
| 650 | 0 |
_aJournalism _xPolitical aspects _zKenya. |
|
| 651 | 0 |
_aKenya _vBiography. |
|
| 906 |
_a7 _bcbc _corigode _d2 _encip _f20 _gy-gencatlg |
||
| 942 |
_2lcc _cBK _n0 |
||
| 999 |
_c514 _d514 |
||